000 01511ncm a2200349 c 4500
003 BLK
005 20250311142033.0
008 180414b bul |a|er|||| |0| c|bulo|
010 _aNOT00000282000
040 _aBLK
041 _aRUS
_cRUS
080 _aОпера. Музикална драма. Романтична опера. Опера-приказка
_b782.1
_x
_z782.1
100 _aПучини, Джакомо
_d1858 - 1924
_gОперен композитор
_qПучини, Джакомо Антонио Доменико Микеле Секондо Мария
_9387431
700 1 _aPuccini, Giacomo
_e*
_921794
700 1 _aДжакоза, Джузепе
_eлибрето
_960427
700 1 _aИлика, Луиджи
_eлибрето
_972770
700 1 _aСарду, Викториен
_eпо
_9388650
139 _aПучини, Джакомо
_bП 93
245 1 0 _aТоска
_bОпера в 3 д.
_cДжакомо Пучини; * Giacomo Puccini; либрето Джузепе Джакоза; либрето Луиджи Илика; по Викториен Сарду.
254 _aКлавир
257 _aRUS
260 Москва
_bМузгиз 27638
_c1959
300 _a263 с.
_c31 см
380 _a7
500 _aТекст на рус. и итал. ез.
852 _aЦб М ІІ 2783
_p0
856 4 _qpdf
_u
856 4 _qpdf
_u
942 _cNOT
_n0
944 _aCR
_c14.11.2003
_k30560
_lГеновева Генчева
944 _aED
_c23.11.2004
_k
999 _c296932
_d296932